| 000 | 01157nam a2200277 a 4500 | ||
|---|---|---|---|
| 999 |
_c761 _d761 |
||
| 001 | BRCA_866 | ||
| 003 | FranzMayer | ||
| 005 | 20190827112745.0 | ||
| 008 | 941214s1994 mx-a---##b---#000-0#spa-# | ||
| 020 | _a968731821X | ||
| 040 |
_aDLC _cDLC |
||
| 050 | 4 |
_aNK5205.R4 _b.M49 1994 |
|
| 245 | 1 | 0 | _aMéxico y la real fábrica de cristales de la granja. |
| 260 |
_aMéxico _bMuseo Franz Mayer _c1994 |
||
| 300 |
_a116 p. _bil. _c27 cm. |
||
| 500 | _aCatálogo de la exposición realizada en el Museo Franz Mayer (Ciudad de México), 21 septiembre - 13 noviembre, 1994 | ||
| 500 | _aLa biblioteca cuenta con 3 ejemplares | ||
| 500 | _aIncluye piezas de la colección Franz Mayer: p. 44, 66, 79, 83, [87], [91], [94], [97-98] y [101]. | ||
| 504 | _aIncluye referencias bibliográficas | ||
| 610 | 2 | 4 |
_aReal Fábrica de Cristales de San Ildefonso _vExposiciones _92887 |
| 610 | 2 | 4 |
_aReal Fábrica de Cristales de San Ildefonso _vExposiciones _xInfluencia _92888 |
| 650 | 1 | 4 |
_aVidrio cristalino _vExposiciones _zEspaña _92889 |
| 650 | 1 | 4 |
_aVidrio cristalino _vExposiciones _zMéxico _92890 |
| 710 | 2 |
_aMuseo Franz Mayer (Ciudad de México) _92266 |
|
| 942 |
_2lcc _cB |
||